Here's Tokyo in living color
Na minha lista:
| Formato: | Livro |
|---|---|
| Idioma: | Undetermined |
| Publicado em: |
Tokyo
1970
|
| Tags: |
Adicionar Tag
Sem tags, seja o primeiro a adicionar uma tag!
|
| Thư viện lưu trữ: | Trung tâm Học liệu Trường Đại học Cần Thơ |
|---|
| LEADER | 00342nam a2200133Ia 4500 | ||
|---|---|---|---|
| 001 | CTU_111169 | ||
| 008 | 210402s9999 xx 000 0 und d | ||
| 082 | |a 915.2 | ||
| 082 | |b H542 | ||
| 245 | 0 | |a Here's Tokyo in living color | |
| 260 | |a Tokyo | ||
| 260 | |c 1970 | ||
| 904 | |i Tuyến | ||
| 980 | |a Trung tâm Học liệu Trường Đại học Cần Thơ | ||